Music Quiz

Random Music or City Quiz

House of Blues Locations (Redux) Quiz Stats

Quiz not verified by Sporcle

Challenge
Share
Tweet
Embed
Score 0/13 Timer 05:00
0 Plays Today
% Correct
Chicago
87.1%
Boston
80.6%
New Orleans
77.4%
Las Vegas
74.2%
Cleveland
67.7%
North Myrtle Beach
64.5%
Dallas
64.5%
Atlantic City
61.3%
West Hollywood
58.1%
San Diego
54.8%
Anaheim
51.6%
Lake Buena Vista
51.6%
Houston
41.9%

You're not logged in!

Compare scores with friends on all Sporcle quizzes.
Join for Free
OR
Log In

You Might Also Like...

Show Comments

Extras

Top Quizzes Today


Score Distribution

Your Account Isn't Verified!

In order to create a playlist on Sporcle, you need to verify the email address you used during registration. Go to your Sporcle Settings to finish the process.

Report this User

Report this user for behavior that violates our Community Guidelines.

Details: